Χρήσεις και καταχρήσεις του παρελθόντος στο παρόν : το παράδειγμα της έκθεσης ναυταθλητισμού στο Μουσείο Αθλητισμού Θεσσαλονίκης : μεταπτυχιακή διατριβή
Αποθηκεύτηκε σε:
| Κύριος συγγραφέας: | |
|---|---|
| Συγγραφή απο Οργανισμό/Αρχή: | |
| Άλλοι συγγραφείς: | |
| Μορφή: | Thesis Βιβλίο |
| Γλώσσα: | Greek |
| Δημοσίευση: |
Μυτιλήνη :
Πανεπιστήμιο Αιγαίου, Τμήμα Κοινωνικής Ανθρωπολογίας και Ιστορίας,
2004
|
| Θέματα: | |
| Ετικέτες: |
Προσθήκη ετικέτας
Δεν υπάρχουν, Καταχωρήστε ετικέτα πρώτοι!
|
MARC
| LEADER | 00000cam a2200000 i 4500 | ||
|---|---|---|---|
| 001 | 1/24302 | ||
| 008 | 060215s2004 gre d | ||
| 035 | |l 10082640 | ||
| 040 | |a GR-MY-UA |b gre |e aacr | ||
| 041 | 0 | |a gre | |
| 082 | 0 | |a 902.7 |2 (22) | |
| 100 | 1 | |a Μουρατίδου, Αθηνά. | |
| 245 | 1 | 0 | |a Χρήσεις και καταχρήσεις του παρελθόντος στο παρόν : |b το παράδειγμα της έκθεσης ναυταθλητισμού στο Μουσείο Αθλητισμού Θεσσαλονίκης : μεταπτυχιακή διατριβή / |c Μουρατίδου Αθηνά ; υπεύθυνη καθηγήτρια Καντσά Βενετία |
| 260 | |a Μυτιλήνη : |b Πανεπιστήμιο Αιγαίου, Τμήμα Κοινωνικής Ανθρωπολογίας και Ιστορίας, |c 2004 | ||
| 300 | |a 77 σ.; |b εγχρ. εικ.; |c 30 εκ. | ||
| 502 | |a Διατριβή (μεταπτυχιακή) – Πανεπιστήμιο Αιγαίου, Λέσβος, 2004. | ||
| 504 | |a Βιβλιογραφία: σ. 73-77 | ||
| 650 | 0 | 0 | |a Museums |z Greece |z Thessalonike. |
| 650 | 0 | 0 | |a Cultural property |x Management. |
| 650 | 0 | 0 | |a Historiography |x Social aspects. |
| 650 | 0 | 0 | |a Dissertations, Academic |z Greece. |
| 700 | 1 | |4 ths |a Καντσά, Βενετία. | |
| 710 | 2 | |a Πανεπιστήμιο Αιγαίου. |b Σχολή Κοινωνικών Επιστημών. |b Τμήμα Κοινωνικής Ανθρωπολογίας και Ιστορίας. |b Πρόγραμμα Μεταπτυχιακών Σπουδών Κοινωνική και Ιστορική Ανθρωπολογία. | |
| 852 | |a INST |b LESVOS |c DIATR |e 20060215 |h 13 |p 005100034233 |q 005100034233 |t MTXE |y 23 | ||
| 852 | |a INST |b LESVOS |c DIATR |e 20060215 |h 14 |p 005100034219 |q 005100034219 |t MTXE |y 23 | ||
| 901 | |a BIBL1-2006-1 | ||
| 909 | |a Λ |b 115336 | ||
| 909 | |a Λ |b 115337 | ||
| 924 | |a ΜΟΥΡΑΤΙΔΟΥ |b ΑΘΗΝΑ |y ΛΕΣΒΟΣ |z 2004-10 | ||
| 970 | |a ΜΑΡΙΝΑΤΟΥ |b ΜΥΡΣΙΝΗ |z 2006/02/15 | ||